Basic Mathematics For Electronics (Record no. 194810)
[ view plain ]
| 000 -LEADER | |
|---|---|
| fixed length control field | 00764 a2200169 4500 |
| 003 - CONTROL NUMBER IDENTIFIER | |
| control field | Nust |
| 005 - DATE AND TIME OF LATEST TRANSACTION | |
| control field | 20170207154204.0 |
| 040 ## - CATALOGING SOURCE | |
| Transcribing agency | Nust |
| 082 ## - DEWEY DECIMAL CLASSIFICATION NUMBER | |
| Classification number | 512 |
| 100 ## - MAIN ENTRY--PERSONAL NAME | |
| Personal name | M.Cooke, Nelson |
| 245 ## - TITLE STATEMENT | |
| Title | Basic Mathematics For Electronics |
| Statement of responsibility, etc. | Nelson M.Cooke, |
| 250 ## - EDITION STATEMENT | |
| Edition statement | 2nd |
| 260 ## - PUBLICATION, DISTRIBUTION, ETC. | |
| Place of publication, distribution, etc. | London |
| Name of publisher, distributor, etc. | McGraw Hill Book Company |
| Date of publication, distribution, etc. | 1960 |
| 300 ## - PHYSICAL DESCRIPTION | |
| Extent | 679 p |
| 505 ## - FORMATTED CONTENTS NOTE | |
| Formatted contents note | Introduction (Page-1) Addition and Subtraction (Page-5) Multiplication and Division (Page-15) Common Fractions and Division (Page-25) Decimal Fractions (Page-35) Square Roots (Page-43) General Numbers (Page-53) Addition and Subtraction (Page-61) Multiplications and Division (Page-74) Powers of Ten (Page-92) Units of Dimensions (Page-122) Meter Circuits (Page-244) |
| 538 ## - SYSTEM DETAILS NOTE | |
| System details note | Almirah No.124 Shelf No. |
| 942 ## - ADDED ENTRY ELEMENTS (KOHA) | |
| Source of classification or shelving scheme | |
| Koha item type | Book |
| Withdrawn status | Lost status | Source of classification or shelving scheme | Damaged status | Not for loan | Collection code | Permanent Location | Current Location | Date acquired | Total Checkouts | Full call number | Barcode | Date last seen | Price effective from | Koha item type |
|---|---|---|---|---|---|---|---|---|---|---|---|---|---|---|
| Military College of Signals (MCS) | Military College of Signals (MCS) | 12/12/2016 | 512 SWC | MCS7530 | 12/08/2016 | 12/12/2016 | Book | |||||||
| Military College of Signals (MCS) | Military College of Signals (MCS) | 12/12/2016 | 512 SWC | MCS7533 | 12/08/2016 | 12/12/2016 | Book | |||||||
| Military College of Signals (MCS) | Military College of Signals (MCS) | 12/12/2016 | 512 SWC | MCS7534 | 12/08/2016 | 12/12/2016 | Book | |||||||
| Military College of Signals (MCS) | Military College of Signals (MCS) | 12/12/2016 | 512 SWC | MCS7679 | 12/08/2016 | 12/12/2016 | Book | |||||||
| Military College of Signals (MCS) | Military College of Signals (MCS) | 12/12/2016 | 512 SWC | MCS7696 | 12/08/2016 | 12/12/2016 | Book |
